000
00219 a2200097 4500
001
20534
100
_a
Hawkins W
245
_a
English studies series 3
260
_a
_b
Oxford University Press
_c
090
_c
14930
_d
14930
942
_a
NUST-CAE
_c
M
_c
5481
999
_c
255607
_d
255607